000 00941nas a2200301 4500
001 BR2011005610
003 BR-BrBNA
005 20231205115129.0
007 ta
008 230509b bl.|||p| |||| 00| 00por d
040 _aBR-BrBNA
_bpor
_cBiblioteca Nacional de Agricultura
041 _a(En)
072 _aL02
100 1 _aGomide, E.M.
100 1 _aRodrigues, P.B.
100 1 _aZangeronimo, M.G.
100 1 _aBertechini, A.G.
100 1 _aSantos, L.M. dos
100 1 _aAlvarenga, R.R.
245 1 _aNitrogen, calcium and phosphorus balance of broilers fed diets with phytase and crystalline amino acids
650 _aFRANGO DE CORTE
650 _aRAÇÃO
650 _aBALANÇO DE ENERGIA
650 _aCOMPOSIÇÃO QUÍMICA
773 0 _tCiência e Agrotecnologia (Brazil)
_xISSN 1413-7054
_g(May-Jun 2011), v. 35(3) p. 591-597
_wBR2011005610
909 _a202311
_bLúcia
_c55
_dLúcia Elande
942 _2AGRIS
_n0
_cANA
999 _c212224
_d212224